| 000 -LEADER |
| fixed length control field |
00733nam a22002177a 4500 |
| 008 - FIXED-LENGTH DATA ELEMENTS--GENERAL INFORMATION |
| fixed length control field |
150721b xxu||||| |||| 00| 0 eng d |
| 020 ## - INTERNATIONAL STANDARD BOOK NUMBER |
| International Standard Book Number |
3540514694 |
| 020 ## - INTERNATIONAL STANDARD BOOK NUMBER |
| International Standard Book Number |
0387514694 |
| 041 0# - LANGUAGE CODE |
| Language code of text/sound track or separate title |
eng |
| 080 ## - UNIVERSAL DECIMAL CLASSIFICATION NUMBER |
| Universal Decimal Classification number |
621.5 |
| 100 1# - Rafti |
| Rafti |
Vukobratović, Miomir. |
| 240 10 - UNIFORM TITLE |
| Uniform title |
<a href="Upravljanje Manipulacionim Robotima.">Upravljanje Manipulacionim Robotima.</a> |
| Language of a work |
English |
| 245 10 - TITLE STATEMENT |
| Title |
Applied control of manipulation robots : |
| Statement of responsibility, etc |
Miomir Vukobratović, Dragan Stokić. |
| 260 ## - |
| -- |
Berlin ; |
| -- |
New York : |
| -- |
Springer-Verlag, |
| -- |
c1989. |
| 300 ## - |
| -- |
xvi, 470 f. : |
| -- |
me il.; |
| -- |
24 cm. |
| 500 ## - |
| -- |
Preface: f. [V]-XII |
| 505 ## - |
| -- |
Subject Index: f. 468-469 |
| 650 #0 - |
| -- |
Robotika |
| -- |
Sistemi i kontrollit |
| 700 ## - |
| -- |
Stokić, D. |
| -- |
(Dragan) |
| 942 ## - ADDED ENTRY ELEMENTS (KOHA) |
| Source of classification or shelving scheme |
|
| Item type |
Books |